000 00592nam a2200217Ia 4500
003 OSt
005 20220926035116.0
006 a|||||r|||| 00| 0
007 ta
008 220923b |||||||| |||| 00| 0 eng d
037 _cGeneral Book
040 _aRTL
_cRTL
_beng
041 _2eng
_aeng
082 _aB283, J2
100 _aModley Rudolf
_9341843
245 0 _aPictographs and graphs
_b How to make and use them
260 _c1952
700 _a Lowenstein Dyno
_9341844
942 _hB283, J2
_cGB
_2CC
999 _c661341
_d661341